| 000 | 005340000a22001810004500 | ||
|---|---|---|---|
| 003 | MACL | ||
| 005 | 20160330152631.0 | ||
| 008 | 160330b xxu||||| |||| 00| 0 eng d | ||
| 040 |
_aMACL _cMACL |
||
| 041 | _aHindi | ||
| 082 | _a300 | ||
| 100 |
_aडॉ मीनाक्षी श्रीवास्तव _948997 |
||
| 245 | _aकामकाजी महिलाएं | ||
| 260 |
_aदिल्ली _bहरि प्रकाशन _c2012 |
||
| 350 | _a495 | ||
| 650 |
_aSocial Sci. _948972 |
||
| 942 |
_cHIN _k300 _2ddc |
||
| 999 |
_c47869 _d47869 |
||